000 02070nam0a2200421 4500
001 RU\NLR\bibl\1660116
005 20250616040720.0
010 _a978-5-944341-55-6
_9300
021 _aRU
_b2010-46822
_93113
035 _a(nilc)RSL-KNO-004696839
035 _a(NLR Aleph) 001651406
090 _a924154
_c924154
100 _a20100628d2010 |||y0rusy50 ca
101 0 _arus
102 _aRU
105 _aa |||||||||
200 1 _aОптимизация превентивной подготовки и родоразрешения многорожавших женщин с сочетанием варикозной болезни и железодефицитной анемии
_fР. С. Курбанова
210 _aМахачкала
_cНаука ДНЦ
_d2010
215 _a112 с.
_cил., табл.
_d21
320 _aБиблиогр.: с. 95-112
606 1 _aМногорожавшие женщины
_xБеременность
_xВедение при варикозном расширении вен нижних конечностей
_92487557
_3RU\NLR\auth\661476235
606 1 _aМногорожавшие женщины
_xБеременность
_xВедение при железодефицитной анемии
_92601737
_3RU\NLR\auth\661538295
610 0 _aЗдравоохранение. Медицинские науки -- Акушерство -- Патологическое акушерство -- Патология родов -- Роды при заболеваниях организма матери
610 0 _aродоразрешение многорожавших женщин
686 _aР716.226,0
_2rubbk
686 _aР716.216.411
686 _aР716.226.411
686 _aР716.216.45
686 _aР716.226.45
700 1 _aКурбанова
_bР. С.
_gРаисат Сайгидовна
_4070
801 0 _aRU
_bРГБ
_c20100628
_grcr
801 1 _aRU
_bРГБ
_c20100628
801 2 _aRU
_bNLR
_c20100802
_grcr
830 _aпо кн
942 _cBOOK
980 _aNB